000
00298cam a2200121ua 4500
999
_c
6933
_d
6933
003
OSt
008
180914b ||||| |||| 00| 0 eng d
082
_a
631.47
_b
OXF/SO
245
_a
Soil survey manual
260
_a
New Delhi :
_b
Oxford & IBH Book Company ,
_c
1966.
300
_a
503 ; .
942
_c
BK